Brida : (Record no. 4118)

MARC details
000 -LEADER
fixed length control field 01029cam a2200205 4500
001 - CONTROL NUMBER
control field 4943
005 - DATE AND TIME OF LATEST TRANSACTION
control field 20181127174449.0
008 - FIXED-LENGTH DATA ELEMENTS--GENERAL INFORMATION
fixed length control field 080115s2008 nyu 000 1 eng
010 ## - LIBRARY OF CONGRESS CONTROL NUMBER
LC control number 2008001730
020 ## - INTERNATIONAL STANDARD BOOK NUMBER
International Standard Book Number 0061578932 (hardcover)
International Standard Book Number 9780008140182
100 1# - MAIN ENTRY--PERSONAL NAME
Personal name Coelho, Paulo.
240 10 - UNIFORM TITLE
Uniform title Brida.
Language of a work English
245 10 - TITLE STATEMENT
Title Brida :
Remainder of title a novel /
Statement of responsibility, etc. Paulo Coelho ; translated from the Portuguese by Margaret Jull Costa.
250 ## - EDITION STATEMENT
Edition statement 1st ed.
260 ## - PUBLICATION, DISTRIBUTION, ETC.
Place of publication, distribution, etc. New York :
Name of publisher, distributor, etc. Harper,
Date of publication, distribution, etc. c2008.
300 ## - PHYSICAL DESCRIPTION
Extent xii, 264 p. ;
Dimensions 22 cm.
520 ## - SUMMARY, ETC.
Summary, etc. The story of a young Irish girl who dives into sorcery and experiments with different magical traditions. She meets a wise man who dwells in a forest, who teaches her about overcoming her fears and trusting in the goodness of the world; and a woman who teaches her how to dance to the music of the world, and how to pray to the moon. As she seeks her destiny, she struggles to find a balance between her relationships and her desire to become a witch.
700 1# - ADDED ENTRY--PERSONAL NAME
Personal name Costa, Margaret Jull.
Holdings
Withdrawn status Lost status Source of classification or shelving scheme Damaged status Not for loan Collection code Home library Current library Shelving location Date acquired Serial Enumeration / chronology Inventory number Total Checkouts Total Renewals Full call number Barcode Date last seen Date last checked out Price effective from Koha item type
    Dewey Decimal Classification     Fiction RTC Library RTC Library Fiction 11/10/2021 8112 14 6 FIC 813.54 COE 30003773 30/08/2024 23/08/2024 27/11/2018 Fiction
    Dewey Decimal Classification     Fiction RTC Library RTC Library Fiction 15/04/2019 13652   5 2 FIC 813.54 COE 30010749 15/09/2023 28/08/2023 15/04/2019 Fiction
Royal Thimphu College || All Right Reserved